000 00455nam a2200157Ia 4500
003 OSt
005 20230529145324.0
008 211028s2015 xx 000 0 und d
040 _cAIMIT LIBRARY
041 _aeng
100 _aMenezes, Saniha Maria; D'Souza, Manibhushan.
_98594
_e131920
110 _aManibhusahan D'Souza
_98595
245 _aSINGTEL: handling of user roles rights and publishing XML.
260 _aMangalore
_c2015
942 _2ddc
_cPRO
999 _c219966
_d219966